skbl

Dr Suryya Kumar Bhuyan Library Web-OPAC
ডঃ সূৰ্য্য
কুমাৰ ভূঞা পুথিভঁৰাল ৱেব-অ'পেক

All Research Scholars are advised to clear the annual library fees to continue using Library Resources, Remote Access, Plagiarism Test and Library Clearance.

Cotton University Book Fair 2026

Philosophy and India : (Record no. 58510)

MARC details
000 -LEADER
fixed length control field 00526nam a2200181Ia 4500
001 - CONTROL NUMBER
control field 58620
008 - FIXED-LENGTH DATA ELEMENTS--GENERAL INFORMATION
fixed length control field 150526n2013 ii |||gr||||Z||||||465
020 ## - INTERNATIONAL STANDARD BOOK NUMBER
International Standard Book Number 9780198092230
082 ## - DEWEY DECIMAL CLASSIFICATION NUMBER
Classification number 181.4
245 #0 - TITLE STATEMENT
Title Philosophy and India :
Remainder of title Ancestors,Outsiders and Predecessors /
Statement of responsibility, etc. A.Raghuramaraju .
Medium Textual Documents
250 ## - EDITION STATEMENT
Edition statement Ist ed.
260 ## - PUBLICATION, DISTRIBUTION, ETC.
Place of publication, distribution, etc. Delhi
Name of publisher, distributor, etc. Oxford university
Date of publication, distribution, etc. 2013
300 ## - PHYSICAL DESCRIPTION
Extent 152pg:
Dimensions 23cm.
653 ## - INDEX TERM--UNCONTROLLED
Uncontrolled term Indian Philosophy
653 ## - INDEX TERM--UNCONTROLLED
Uncontrolled term G-Philosophy
700 ## - ADDED ENTRY--PERSONAL NAME
Personal name Raghuramaraju, A.,
Relator term Author.,
942 ## - ADDED ENTRY ELEMENTS (KOHA)
Source of classification or shelving scheme Dewey Decimal Classification
Koha item type Books
Holdings
Withdrawn status Lost status Damaged status Not for loan Collection Home library Current library Shelving location Date acquired Coded location qualifier Cost, normal purchase price Total checkouts Full call number Barcode Date last seen Copy number Price effective from Koha item type
          Dr. Suryya Kumar Bhuyan Library Dr. Suryya Kumar Bhuyan Library   26/05/2015 00000 495.00   181.4 Ra 848 Ph 470/Phil 14/01/2024 1 26/05/2015 Books

Designed and Maintained by Team SKBL
©1901-2026

Powered by Koha